Koncepcia mostu medzi Západom a Východom: ekonomická a politická orientácia SR v histórii a súčasnosti bakalárska práca

Gespeichert in:
Bibliographische Detailangaben
1. Verfasser: Semančíková, Zdenka
Körperschaft: Fakulta medzinárodných vzťahov EU. Katedra medzinárodných politických vzťahov
Weitere Verfasser: Karas, Martin, 1991-
Format: Buch
Sprache:Slowakisch
Veröffentlicht: Bratislava 2024
Tags: Tag hinzufügen
Keine Tags, Fügen Sie das erste Tag hinzu!

MARC

LEADER 00000nbm a2200000 4500
001 0301815
005 20250226111246.1
041 0 |a slo 
044 |a SK 
245 1 0 |a Koncepcia mostu medzi Západom a Východom: ekonomická a politická orientácia SR v histórii a súčasnosti  |b bakalárska práca  |c Zdenka Semančíková ; školiteľ: Martin Karas 
264 1 |a Bratislava  |c 2024 
300 |a 63 s. 
100 1 |a Semančíková, Zdenka 
700 1 |a Karas, Martin, 1991- 
710 2 |a Fakulta medzinárodných vzťahov EU. Katedra medzinárodných politických vzťahov